01194nam a22002057a 45000010005000000030006000050050017000110080041000280200019000690400030000881000032001182450089001502600045002393000060002845050008003445200565003525210029009175210020009466500022009664031FISKH20240531153021.0240531b cb ||||| |||| 00| 0 eng d a 9780761109488 aFISKHbeng cFISKHdFISKH aAttinello, Lauren eauthor  aPeek-a-boo, Lizzy Lou ! :b A Playtime Book and Muppet Puppet /cby Lauren Attinello aNew York : bWorkman Publishing ; c1997 a14 unnumbered pages : bcolor illustrations ;c16 cm .  aD  aHere comes Lizzy Lou, a new Muppet puppet from Jim Henson Productions. With a 16-page, full-color board book, Peek-a-Boo, Lizzy Lou! is a bouncy tale for curious toddlers. From bedroom to dining room, Lizzy Lou finds her friends everywhere in delightful rhymes. With plush the color of lemon cream pie, a nest of bright green curls, and googly eyes with long lashes, Lizzy Lou is one adorable Muppet puppet, sized to fit an adult's hand. Suitable for ages 6 months and up. Illustrations by Lauren Attinello and puppet by Rollie Krewson. 65,000 copies in print.8 a160 bLexile estimate 8 aD bRaz-Plus  aMuppetsvFiction